Science Quiz

Random Science Quiz

ABA North American Raptors Quiz Stats

Quiz not verified by Sporcle

Challenge
Share
Tweet
Embed
Score 0/42 Timer 07:00
0 Plays Today
Scientific Name Common Name % Correct
Haliaeetus leucocephalusBald Eagle
97.5%
Buteo jamaicensisRed-tailed Hawk
97.5%
Aquila chrysaetosGolden Eagle
95%
Falco peregrinusPeregrine Falcon
95%
Gymnogyps californianusCalifornia Condor
90%
Cathartes auraTurkey Vulture
82.5%
Accipiter cooperiiCooper's Hawk
82.5%
Accipiter gentilisNorthern Goshawk
82.5%
Falco columbariusMerlin
82.5%
Accipiter striatusSharp-shinned Hawk
80%
Buteo swainsoniSwainson’s Hawk
80%
Falco sparveriusAmerican Kestrel
77.5%
Falco rusticolusGyrfalcon
77.5%
Coragyps atratusBlack Vulture
75%
Buteo lineatusRed-shouldered Hawk
75%
Buteo platypterusBroad-winged Hawk
75%
Caracara cheriwayCrested Caracara
75%
Falco mexicanusPrairie Falcon
75%
Ictinia mississippiensisMississippi Kite
72.5%
Elanoides forficatusSwallow-tailed Kite
70%
Circus cyaneusNorthern Harrier
70%
Scientific Name Common Name % Correct
Buteogallus anthracinusCommon Black-Hawk
67.5%
Buteo regalisFerruginous Hawk
67.5%
Pandion haliaetusOsprey
65%
Rostrhamus sociabilisSnail Kite
65%
Buteo lagopusRough-legged Hawk
65%
Parabuteo unicinctusHarris's Hawk
62.5%
Buteo albonotatusZone-tailed Hawk
62.5%
Elanus leucurusWhite-tailed Kite
52.5%
Haliaeetus albicillaWhite-tailed Eagle
52.5%
Buteo nitidusGray Hawk
52.5%
Buteo albicaudatusWhite-tailed Hawk
52.5%
Chondrohierax uncinatusHook-billed Kite
50%
Falco femoralisAplomado Falcon
50%
Haliaeetus pelagicusSteller's Sea-Eagle
47.5%
Buteo brachyurusShort-tailed Hawk
47.5%
Buteo magnirostrisRoadside Hawk
40%
Falco tinnunculusEurasian Kestrel
35%
Falco vespertinusRed-footed Falcon
30%
Geranospiza caerulescensCrane Hawk
22.5%
Falco subbuteoEurasian Hobby
22.5%
Micrastur semitorquatusCollared Forest-Falcon
20%

You're not logged in!

Compare scores with friends on all Sporcle quizzes.
Sign Up with Email
OR
Log In

You Might Also Like...

Show Comments

Extras

Top Quizzes Today


Score Distribution

Your Account Isn't Verified!

In order to create a playlist on Sporcle, you need to verify the email address you used during registration. Go to your Sporcle Settings to finish the process.